Tecnologías asistidas por plasma: fundamentos, aplicaciones industriales y tecnológicas
Saved in:
| Main Authors: | , , , |
|---|---|
| Format: | Bog |
| Sprog: | spansk |
| Udgivet: |
Madrid
McGraw Hill
1997
|
| Serier: | Serie McGraw Hill de Electrotecnologías, 14
|
| Fag: | |
| Tags: |
Tilføj Tag
Ingen Tags, Vær først til at tagge denne postø!
|
MARC
| LEADER | 00000nam a2200000 a 4500 | ||
|---|---|---|---|
| 001 | UCP6334 | ||
| 003 | CL-VaPUC | ||
| 008 | 991021e19970000SP |||||||||||||||||spa|d | ||
| 082 | 0 | 4 | |a 621.044 |b GIL |2 21 |
| 100 | 0 | |a Gil Negrete, Andrés |e author |9 435408 | |
| 700 | 0 | |a Tagle, José Antonio |e author |9 435409 | |
| 700 | 0 | |a Múgica, Juan Carlos |e author |9 435410 | |
| 700 | 0 | |a Oñate, José Ignacio |e author |9 435411 | |
| 245 | 1 | 0 | |a Tecnologías asistidas por plasma: fundamentos, aplicaciones industriales y tecnológicas |
| 300 | |a 171 p | ||
| 942 | |c BK | ||
| 945 | |d 19991021 00:00:00 |a rbrito | ||
| 260 | |a Madrid |b McGraw Hill |c 1997 | ||
| 650 | 7 | |a INGENIERIA DEL PLASMA |2 CL-VaPUC |9 435412 | |
| 650 | 7 | |a PLASMAS TERMICOS |2 CL-VaPUC |9 435413 | |
| 650 | 7 | |a PLASMAS FRIOS |2 CL-VaPUC |9 435414 | |
| 650 | 0 | |a Soldadura |9 262933 | |
| 650 | 7 | |a IMPLANTACION IONICA |2 CL-VaPUC |9 435415 | |
| 583 | |a last modification |c 19991021 00:00:00 |k Rodrigo Vera | ||
| 490 | 0 | |a Serie McGraw Hill de Electrotecnologías, 14 | |
| 999 | |c 283924 |d 283922 | ||